| 000 | 00727cam a22002653a 4500 | ||
|---|---|---|---|
| 001 | 2232 | ||
| 003 | PGUSA | ||
| 005 | 20140828083012.0 | ||
| 008 | 000601s2000||||xxu|||||s|||||000 | eng d | ||
| 040 |
_aPGUSA _beng |
||
| 042 | _adc | ||
| 050 | 4 | _aPR | |
| 100 | 1 | _aWebster, John | |
| 245 | 1 | 4 |
_aThe Duchess of Malfi _h[electronic resource] / _cJohn Webster |
| 260 |
_bProject Gutenberg, _c2000 |
||
| 506 | _aPublic domain in the USA. | ||
| 516 | _aElectronic text | ||
| 653 | _aEnglish drama -- 17th century | ||
| 653 | _aBrothers and sisters -- Drama | ||
| 653 | _aTragedies | ||
| 653 | _aRetribution -- Drama | ||
| 830 | 0 |
_aProject Gutenberg _v2232 |
|
| 856 | 4 | 0 | _uhttp://www.gutenberg.org/ebooks/2232 |
| 942 | _cEB | ||
| 999 |
_c231569 _d231569 |
||